000 00736nam a2200241Ia 4500
003 OSt
005 20220923211929.0
006 a|||||r|||| 00| 0
007 ta
008 220922b |||||||| |||| 00| 0 san d
024 _a73,897
037 _cTextual
040 _aARTS
_cARTS
_bsan
041 _2san
_asan
082 _aR631x3:1, 15L3
100 _aकपिल
245 0 _aसांख्यदर्शनम्
246 _aSāankhyadarshanam
260 _aवाराणसी
_b भारत मनीषा
_c1973
490 _aभारत मनीषा संस्कृत ग्रन्थमाला; 1
942 _hR631x3:1, 15L3
_cTEXL
_2CC
999 _c304652
_d304652